000 00682nam a2200217 a 4500
999 _c4055
_d4055
001 4055
003 BD-JhCC
005 20171122183747.0
008 171122s1984 bg a|||| ||a| 000 0 ben d
035 _a(BD-JhCC) 4055
040 _aBD-JhCC
_dBD-JhCC
041 _aben
082 _a953.8
_bMOZ 1984
100 _aমজিদ, রাজিয়া
245 _aমক্কা মদীনা ঘুরে এলাম /
_cরাজিয়া মজিদ
260 _aঢাকা :
_bইসলামিক ফাউন্ডেশন বাংলাদেশ ,
_c1984
300 _a45 p .:
_c20 cm .
650 _aMecca Saudi Arabia
942 _2ddc
_cBK